Population Maths! - Statistics

General Stats
  • This quiz has been taken 21 times
    17 since last reset
  • The average score is 3 of 10
Answer Stats
Question Answer % Correct
How many times smaller is Portugal's population compared to Asia's? (To the nearest whole number) 461
60%
Which answer has the lowest population? North Korea + South Korea
60%
Which answer has the highest population? Indonesia + Mexico
40%
Which answer is in Smallest population to Biggest population order? Italy, Germany, Vietnam, Mexico
40%
b) ... and what is the population ranking of that country? (?/196) 36th
20%
c) ... and what is the population to the nearest 1M of that country? 41
20%
Which one of these answers has a negative population? ( - means minus) Chile - Sri Lanka
20%
Which country has a population closest to Ethiopia? Egypt
20%
(3 Part Question) a) Which country has a population closest to the average population of a country? Canada
0%
Which answer is in Smallest population to Biggest population order? Sierra Leone, Greece, Tunisia, Guatemala
0%
No matching quizzes found
Score Distribution
Percent of People with Each Score
Percentile by Number Answered
Your Score History
You have not taken this quiz since the last reset